书目信息 |
| 题名: |
摩尔根传
|
|
| 作者: | 夏因 , 罗贝尔 著 ;庚镇城 译 | |
| 分册: | ||
| 出版信息: | 上海 复旦大学出版社 1986 |
|
| 页数: | 183页 | |
| 开本: | 19cm | |
| 丛书名: | ||
| 单 册: | ||
| 中图分类: | K837.126.1 | |
| 科图分类: | ||
| 主题词: | 历史 , 地理 | |
| 电子资源: | ||
| ISBN: | ||
| 000 | 00876nam0 2200301 45 | |
| 001 | 0186005383 | |
| 005 | 20040511173413.6 | |
| 010 | @dCNY1.20 | |
| 091 | @a13253.027 | |
| 100 | @a19951115d1986 em y0chiy0121 ea | |
| 101 | 1 | @achi@ceng |
| 102 | @aCN@b310000 | |
| 105 | @ay z 000yy | |
| 106 | @ar | |
| 200 | 10 | @a摩尔根传@e1866~1945@Amo er gen zhuan@f(美)夏因,(美)罗贝尔著@g庚镇城译 |
| 210 | @a上海@c复旦大学出版社@d1986 | |
| 215 | @a183页@d19cm | |
| 300 | @a书名原文: Thomas Hunt morgan, Pioneer of Ginetics. | |
| 510 | 1 | @aThomas Hunt morgan, Pioneer of Ginetics@zeng |
| 606 | 0 | @a历史 |
| 606 | 0 | @a地理 |
| 690 | @aK837.126.1 | |
| 701 | 1 | @a夏因@4著@Axia yin |
| 701 | 1 | @a罗贝尔@4著@Aluo bei er |
| 702 | 0 | @a庚镇城@4译@Ageng zhen cheng |
| 801 | 0 | @aCN@b深圳图书馆@c20040511 |
| 801 | 2 | @aCN@bNLC@c20040511 |
| 905 | @f2@b155825-826@dK837.126.1@e137 | |
| 摩尔根传:1866~1945/(美)夏因,(美)罗贝尔著/庚镇城译.-上海:复旦大学出版社,1986 |
| 183页;19cm |
| 书名原文: Thomas Hunt morgan, Pioneer of Ginetics. |
| ISBN :CNY1.20 |
| ● |
| 相关链接 |
|
|
|
|
正题名:摩尔根传
索取号:K837.126.1/137
 
预约/预借
| 序号 | 登录号 | 条形码 | 馆藏地/架位号 | 状态 | 备注 |
| 1 | 0155825 | 001543770 | 密集书库/ [索取号:K837.126.1/137] | 在馆 | |
| 2 | 0155826 | 001543814 | 密集书库/ [索取号:K837.126.1/137] | 在馆 | |
| 3 | 0155827 | 001543850 | 第二样本阅览室/ [索取号:K837.126.1/137] | 在馆 |